| 000 | 00451nam a2200181Ia 4500 | ||
|---|---|---|---|
| 005 | 20241219015900.0 | ||
| 008 | 240331s9999 xx 000 0 und d | ||
| 020 | _a0745610846 | ||
| 082 |
_bHAR _22551 _a305 |
||
| 100 | _aBradley, H | ||
| 245 | 0 |
_aFractured Identities _bChanging Patterns of Inequality |
|
| 250 | _a2nd | ||
| 260 |
_aCambridge _bPolity Press _c1996 |
||
| 300 | _ax, 241 p., | ||
| 650 | _aInequality | ||
| 650 | _aGender | ||
| 942 | _cL | ||
| 999 |
_c1431 _d1431 |
||